书目信息 |
| 题名: |
燃气制造工艺学
|
|
| 作者: | 高福烨 主编 | |
| 分册: | ||
| 出版信息: | 北京 中国建筑工业出版社 1995 |
|
| 页数: | 362 | |
| 开本: | 26cm | |
| 丛书名: | ||
| 单 册: | ||
| 中图分类: | TQ171.6 | |
| 科图分类: | ||
| 主题词: | 玻璃--化学工业 | |
| 电子资源: | ||
| ISBN: | 7-112-02434-X | |
| 000 | 00525nam0 2200181 450 | |
| 001 | 0754114953 | |
| 005 | 20070929150154.95 | |
| 010 | @a7-112-02434-X | |
| 100 | @a20070929d km y0chiy0120 ea | |
| 101 | 0 | @achi |
| 200 | 1 | @a燃气制造工艺学@Aran qi zhi zao gong yi xue@f高福烨 主编@Fgao fu ye zhu bian |
| 210 | @a北京@c中国建筑工业出版社@d1995 | |
| 215 | @a362@c插图@d26cm | |
| 606 | 0 | @a玻璃@x化学工业 |
| 690 | @aTQ171.6@v3 | |
| 701 | 0 | @a高福烨@Agao fu ye@4主编 |
| 801 | 0 | @aCN@bPFT@c20070929 |
| 905 | @a213230@dTQ171.6@eh34@f1 | |
| 燃气制造工艺学/高福烨 主编.-北京:中国建筑工业出版社,1995 |
| 362:插图;26cm |
| ISBN 7-112-02434-X: |
| ● |
| 相关链接 |
|
|
|
|
正题名:燃气制造工艺学
索取号:TQ171.6/h34
 
预约/预借
| 序号 | 登录号 | 条形码 | 馆藏地/架位号 | 状态 | 备注 |
| 1 | 6000585 | 260005853 | 化学系资料室/ [索取号:TQ171.6/h34] | 在馆 |